Establishment and Operation of the Investment Account.

Directors expressed strong support for exploring in more detail the possibility of establishing the Investment Account (IA) during the March 2005 seminar on the Review of the Fund's Finances and Financial Structure. The Second Amendment of the Fund's Articles of Agreement which became effe...

Full description

Bibliographic Details
Corporate Author: International Monetary Fund
Format: Journal
Language:English
Published: Washington, D.C. : International Monetary Fund, 2005.
Series:Policy Papers; Policy Paper ; No. 2005/089
Online Access:Full text available on IMF
LEADER 01384cas a2200241 a 4500
001 AALejournalIMF019574
008 230101c9999 xx r poo 0 0eng d
020 |c 5.00 USD 
020 |z 9781498331241 
022 |a 2663-3493 
040 |a BD-DhAAL  |c BD-DhAAL 
110 2 |a International Monetary Fund. 
245 1 0 |a Establishment and Operation of the Investment Account. 
264 1 |a Washington, D.C. :  |b International Monetary Fund,  |c 2005. 
300 |a 1 online resource (40 pages) 
490 1 |a Policy Papers 
500 |a <strong>Off-Campus Access:</strong> No User ID or Password Required 
500 |a <strong>On-Campus Access:</strong> No User ID or Password Required 
506 |a Electronic access restricted to authorized BRAC University faculty, staff and students 
520 3 |a Directors expressed strong support for exploring in more detail the possibility of establishing the Investment Account (IA) during the March 2005 seminar on the Review of the Fund's Finances and Financial Structure. The Second Amendment of the Fund's Articles of Agreement which became effective in 1978 authorized the Fund to establish an IA in the General Department. 
538 |a Mode of access: Internet 
830 0 |a Policy Papers; Policy Paper ;  |v No. 2005/089 
856 4 0 |z Full text available on IMF  |u http://elibrary.imf.org/view/journals/007/2005/089/007.2005.issue-089-en.xml  |z IMF e-Library